01701nam a22003377i 4500003000900000005001700009008004100026040004600067041000800113082002600121092000700147099003400154100004100188245009500229264007500324300003000399336002200429337002400451338003300475504006100508546010200569650006900671651001000740856005700750905000700807942001900814999001700833952017100850952017101021952017101192EG-GICUC20260121101510.0251216s1941    ua ||||fr|||| 00| 0 ara d  a EG-GICUCbarac EG-GICUCd EG-GICUCerda  aara04221a343.6bم ح . ا04221  aLaw1 10 343.6	م ح . ا 19410 aمحمد البابلىeمؤلف.12aالاجرام في مصر :bاسبابه وطرق علاجه /cمحمد البابلى. 3aالقاهرة :bمطبعة دار الكتب المصرية،c1941.  a577 ؛ صفحةc24 سم.  2rda contentatext  2rda mediaaComputer  2rda carrieraOnline Resource  aيحتوي على ارجاعات ببليوجرافية
  aالنص أغلبه باللغة العربية مع بعض النصوص الإنجليزية14aعلم الإجرامxالقانون الجنائي 2qrmak1 2qrmak40uhttps://fll.law.cu.edu.eg/fulltext/bks/B10-07132.pdf  a75  2ddccBKe21n0  c50879d50879  00102ddc40718القانون الجنائيaCUbLAW1d2025-12-16l0oLaw1 10 343.6	م ح . ا 1941 1007132	C1pB10-07132r2025-12-16 15:54:10t1w2025-12-16yBK  00102ddc40708القانون الجنائيaCUbLAW1d2025-12-16l0oLaw1 10 343.6	م ح . ا 1941 1007133	C2pB10-07133r2025-12-16 15:55:07t2w2025-12-16yBK  00102ddc40718القانون الجنائيaCUbLAW2d2025-12-18l0oLaw2 10 343.6	م ح . ا 1941 1007154	C3pB10-07154r2025-12-18 19:21:17t3w2025-12-18yBK